| 000 | 00717cam a22002774a 4500 | ||
|---|---|---|---|
| 999 |
_c35461 _d35461 |
||
| 001 | 000494467 | ||
| 003 | AR-BaBN | ||
| 005 | 20260303115142.0 | ||
| 007 | ta | ||
| 008 | 260303s1992 ag d gr 001 0 spa d | ||
| 015 | _aAR-1992 | ||
| 020 | _a9500411903 | ||
| 040 |
_aSIUNPA _bspa _cSIUNPA _eAACR2 |
||
| 041 | _aspa | ||
| 043 | _as-ag--- | ||
| 044 |
_aag _car-c |
||
| 080 | 1 | _a94(82) F811e | |
| 100 | 1 |
_aFraga, Rosendo, _d1952- _eautor |
|
| 245 | 1 | 3 |
_aEl ejército y Frondizi : _b(1958-1962) / _cRosendo Fraga |
| 260 |
_aBuenos Aires : _bEmecé, _c1992 |
||
| 300 |
_a310 p. : _bdiagrs. |
||
| 650 | _aHISTORIA ARGENTINA | ||
| 650 | _aMILITARES | ||
| 650 |
_aFRONDIZI, ARTURO _y(1908-1995) |
||
| 942 |
_2udc _cBK |
||